|
|
|
|
| LEADER |
00000naa a2200000 ar4500 |
| 001 |
vtls009964524 |
| 003 |
SK-MaSNL |
| 005 |
20260309150357.0 |
| 008 |
091028c2003 xo mr|p|||||||000 b|slo |
| 015 |
|
|
|a SNBRA2009/10
|2 snkbucl
|
| 038 |
|
|
|a SNKBUCL
|
| 040 |
|
|
|a SNKBUCL
|b slo
|c SNKBUCL
|e AACR2
|
| 041 |
0 |
|
|a slo
|b eng
|
| 044 |
|
|
|a xo
|c SK
|
| 080 |
|
|
|a 658.11.011.1:174:331.36
|2 2001
|
| 080 |
|
|
|a 174
|2 2001
|
| 080 |
|
|
|a 331.36
|2 2001
|
| 080 |
|
|
|a 377.4/.6
|2 2001
|
| 100 |
1 |
|
|a Janičková, Jana,
|d 1977-
|4 aut
|9 79540
|
| 245 |
1 |
0 |
|a Etické aspekty zvyšovania úrovne kultúry podniku
|c Jana Janičková
|
| 504 |
|
|
|a Bibliogr. odkazy
|
| 546 |
|
|
|a Res. angl.
|
| 650 |
0 |
7 |
|a podniky
|2 snkbucl
|9 923
|
| 650 |
0 |
7 |
|a kultúra organizácie
|2 snkbucl
|9 3660
|
| 650 |
0 |
7 |
|a profesijná etika
|2 snkbucl
|9 15135
|
| 650 |
0 |
7 |
|a vzdelávanie zamestnancov
|2 snkbucl
|9 22193
|
| 773 |
0 |
|
|t Acta oeconomica N° 15
|d Banská Bystrica : Univerzita Mateja Bela, Ekonomická fakulta, 2003
|g S. 250-253
|z 8080557985
|
| 852 |
|
|
|a SNK
|b KIS3GCP
|
| 958 |
|
|
|a NB
|
| 999 |
|
|
|c 3367390
|d 3369320
|